• 首页
  • 本馆介绍
  • 公告通知
  • 最新文献
  • 馆藏检索
  • 电子资源
  • 读者导购
  • 参考咨询
  • 我的图书馆
  • 登录
  • 详细信息显示
  • 放入我的书架
  • 预约/预借图书
  • 作者相关作品
  • 分类相关作品
  • 丛书相关作品
  • 出版社相关作品

书目信息

  • 表格格式
  • 工作单格式
  • 卡片格式
题名:
新编俄语阅读
    
 
作者: 乐莉 主编
分册:  
出版信息: 哈尔滨   哈尔滨工业大学出版社  2004
页数: 463页
开本: 20cm
丛书名:
单 册:
中图分类: H359.4
科图分类:
主题词: 俄语--读物--高等学校
电子资源:
ISBN: 7-5603-1902-5
000 00818nam0 2200229 45
001 002581625
005 20050401103529.9
010    @a7-5603-1902-5@dCNY16.80
100    @a20030522d2004 em y0chiy0110 ea
101 0  @achi@arus
102    @aCN@b230000
105    @ay z 000yy
200 1  @a新编俄语阅读@Axin bian e yu yue du@f乐莉主编@FYue Li Zhu Bian
210    @a哈尔滨@c哈尔滨工业大学出版社@d2004
215    @a463页@d20cm
300    @a大学俄语系列教材
330    @a本书结合俄语教学难点和当前俄罗斯社会发展状况,选取了涉及当前俄罗斯社会文化、哲学、天文、航天、化学、地理、数学、环保、健康、银行证卷、WTO入世概念、大众媒介、计算机、网络科技等内容的文章100篇。
606 0  @a俄语@x读物@x高等学校
690    @aH359.4@v4
701  0 @a乐莉@4主编
801  0 @aCN@bNLC@c20040323
905    @f5@b347667-671@dH359.4@e124
    
    新编俄语阅读/乐莉主编.-哈尔滨:哈尔滨工业大学出版社,2004
    463页;20cm
    大学俄语系列教材
    
    ISBN 7-5603-1902-5:CNY16.80
    本书结合俄语教学难点和当前俄罗斯社会发展状况,选取了涉及当前俄罗斯社会文化、哲学、天文、航天、化学、地理、数学、环保、健康、银行证卷、WTO入世概念、大众媒介、计算机、网络科技等内容的文章100篇。
●
相关链接 在E读中查询图书 在五车中查询图书 在当当中查询图书 在豆瓣中查询图书


正题名:新编俄语阅读     索取号:H359.4/124         预约/预借

序号 登录号 条形码 馆藏地/架位号 状态 备注
1 0347667   203476675   第二样本阅览室/ [索取号:H359.4/124] 在馆    
2 0347668   203476684   第四借阅区/ [索取号:H359.4/124] 在馆    
3 0347669   203476693   第四借阅区/ [索取号:H359.4/124] 在馆    
4 0347670   203476700   第四借阅区/ [索取号:H359.4/124] 在馆    
5 0347671   203476719   第四借阅区/ [索取号:H359.4/124] 在馆    
唐山师范学院图书馆 欢迎您!
大连网信软件有限公司© 版权所有